Central Library OPAC University of Rajshahi

Perspectives on social welfare : (Record no. 49669)

MARC details
000 -LEADER
fixed length control field 00762nam a2200253 a 4500
001 - CONTROL NUMBER
control field 49669
003 - CONTROL NUMBER IDENTIFIER
rucl marc code BD-RjUL
005 - DATE AND TIME OF LATEST TRANSACTION
control field 20211209054718.0
008 - FIXED-LENGTH DATA ELEMENTS--GENERAL INFORMATION
fixed length control field 160822s1974 nyu b 000 0 eng
020 ## - INTERNATIONAL STANDARD BOOK NUMBER
International Standard Book Number 0024251601
035 ## - SYSTEM CONTROL NUMBER
System control number (BD-RjUL)49789
040 ## - CATALOGING SOURCE
Original cataloging agency DLC
Transcribing agency DLC
Language of cataloging eng
Modifying agency BD-RjUL
041 ## - LANGUAGE CODE
Language code of text/sound track or separate title eng
082 ## - DEWEY DECIMAL CLASSIFICATION NUMBER
Edition number 23
Classification number 361.973
Author mark and year WEP 1974
100 1# - MAIN ENTRY--PERSONAL NAME
Personal name Weinberger, Paul E.
9 (RLIN) 148932
245 10 - TITLE STATEMENT
Title Perspectives on social welfare :
Remainder of title an introductory anthology /
Statement of responsibility, etc. Paul E. Weinberger
250 ## - EDITION STATEMENT
Edition statement 2d ed.
260 ## - PUBLICATION, DISTRIBUTION, ETC. (IMPRINT)
Place of publication, distribution, etc. New York :
Name of publisher, distributor, etc. Macmillan,
Date of publication, distribution, etc. 1974
300 ## - PHYSICAL DESCRIPTION
Pagination xi, 519 p. ;
Size 24 cm.
504 ## - BIBLIOGRAPHY, ETC. NOTE
Bibliography, etc Includes bibliographical references
650 #0 - SUBJECT ADDED ENTRY--TOPICAL TERM
Topical term or geographic name as entry element Social service
Geographic subdivision United States
9 (RLIN) 148933
Topical term or geographic name as entry element Public welfare
Geographic subdivision United States
9 (RLIN) 118508
942 ## - ADDED ENTRY ELEMENTS (KOHA)
Source of classification or shelving scheme Dewey Decimal Classification
Koha item type Books
Holdings
Lost status Source of classification or shelving scheme Damaged status Not for loan Collection code Permanent Location Current Location Shelving location Date acquired Source of acquisition Cost, normal purchase price Total Checkouts Full call number Date last seen Copy number Koha item type
  Dewey Decimal Classification     Non-fiction Central Library, University of Rajshahi Central Library, University of Rajshahi   26/07/1979 Heffer, London 6.30   361.973 WEP 1974 22/08/2016 C-2 Books
  Dewey Decimal Classification     Non-fiction Central Library, University of Rajshahi Central Library, University of Rajshahi   26/07/1979 Helfers 6.30   361.973 WEP 1974 26/12/2016 C-3 Books